000 00667nam a2200241Ia 4500
003 OSt
005 20220918204116.0
006 a|||||r|||| 00| 0
007 ta
008 220917b |||||||| |||| 00| 0 eng d
024 _a111,048
037 _cTextual
040 _aARTS
_cARTS
_beng
041 _2eng
_aeng
082 _aV495:21xN12, L4
100 _aSung Kim Il
_911510
245 0 _aResults of the agrarain reform and future tasks
_b A report
260 _aKorea
_bForeign Language Publications
_c1974
300 _a27p.
_ccm.
650 _aHISTORY
942 _hV495:21xN12, L4
_cTEXL
_2CC
999 _c234397
_d234397